| 000 | 00703nam a2200289Ia 4500 | ||
|---|---|---|---|
| 005 | 20260324142645.0 | ||
| 008 | 008 260324s9999 xx 000 0 eng d | ||
| 020 | _a9780203212486 | ||
| 037 | _aEBOOK | ||
| 040 | _aCRL | ||
| 040 | _beng | ||
| 040 | _cCRL | ||
| 041 | _2eng | ||
| 041 | _aeng | ||
| 084 | _qCRL | ||
| 100 |
_aClive H. Schofield; Richard N. Schofield _91212770 |
||
| 245 | 4 | _aThe Middle East and North Africa | |
| 245 | 0 | _bWorld Boundaries Volume 2 | |
| 260 | _bTaylor and Francis | ||
| 260 | _c1994 | ||
| 365 | _a | ||
| 365 | _b300 | ||
| 856 | _uhttp://www.taylorfrancis.com/books/9780203212486 | ||
| 942 | _cEBOOK | ||
| 999 |
_c1817183 _d1817183 |
||